[Event "It \"]
[Site "Dresden GER"]
[Date "1986.??.??"]
[Round "?"]
[White "Hoffmann, Hendrik"]
[Black "Knuth, Hannes"]
[Result "1/2-1/2"]
[WhiteElo "2290"]
[BlackElo "2350"]
[PlyCount "27"]
[EventDate "1986.??.??"]
[Source "www.chesslib.no"]
[SourceDate "2004.05.04"]

1. d4 d5 2. c4 e6 3. Nc3 c6 4. Nf3 Nd7 5. e3 Ngf6 6. Bd3 dxc4 7. Bxc4 c5 8. O-O cxd4 9. exd4 Be7 10. Bg5 O-O 11. Re1 h6 12. Bh4 Nb6 13. Bb3 Re8 14. Rc1 1/2-1/2

[Event "Campionato europeo fem 2007"]
[Site "Dresda GER"]
[Date "2007.04.13"]
[Round "10.28"]
[White "Schuurman, Petra"]
[Black "Kadimova, Ilaha"]
[Result "1/2-1/2"]
[WhiteElo "2295"]
[BlackElo "2339"]
[PlyCount "50"]
[EventDate "2007.04.03"]
[Source "www.chesslib.no"]
[SourceDate "2004.05.04"]

1. d4 d5 2. c4 c6 3. Nc3 Nf6 4. Nf3 e6 5. e3 Nbd7 6. Be2 dxc4 7. Bxc4 b5 8. Be2 Bb7 9. O-O Be7 10. a3 a5 11. Qc2 O-O 12. Rd1 Qb8 13. Bd2 Rc8 14. Ng5 h6 15. Nge4 Nxe4 16. Nxe4 c5 17. dxc5 Nxc5 18. Nxc5 Rxc5 19. Qb1 Bf6 20. Rc1 Qe5 21. Rxc5 Qxc5 22. Qc1 Qxc1+ 23. Rxc1 Bxb2 24. Rb1 Bxa3 25. Rxb5 Bc6 1/2-1/2

[Event "JUG-chT"]
[Site "Niksic"]
[Date "1996.??.??"]
[Round "?"]
[White "Vlatkovic, Sinisa"]
[Black "Rajkovic, Ljubisa"]
[Result "1/2-1/2"]
[WhiteElo "2355"]
[BlackElo "2275"]
[PlyCount "113"]
[EventDate "1996.??.??"]
[Source "www.chesslib.no"]
[SourceDate "2004.05.04"]

1. d4 d5 2. c4 c6 3. Nc3 Nf6 4. e3 e6 5. Nf3 Nbd7 6. Bd3 dxc4 7. Bxc4 Nb6 8. Bd3 c5 9. dxc5 Bxc5 10. O-O Nbd7 11. e4 Qc7 12. Nb5 Qb8 13. e5 Nd5 14. Re1 a6 15. Nc3 Nxc3 16. bxc3 Be7 17. Qa4 Qc7 18. Bd2 Kf8 19. Qf4 Kg8 20. Ng5 Bxg5 21. Qxg5 Nf8 22. h4 h6 23. Qg4 h5 24. Qg5 g6 25. Re3 Nh7 26. Qf4 Qe7 27. Rb1 Rb8 28. Rg3 Nf8 29. Qd4 Qc7 30. Qa7 Kg7 31. Bxa6 Nd7 32. Bd3 Qc5 33. Qa4 Qxe5 34. Re1 Qc7 35. Bf4 e5 36. Bc1 Nc5 37. Qc4 Be6 38. Qb5 Nxd3 39. Qxd3 Rbd8 40. Qe2 Rhe8 41. Qe3 Rh8 42. Qg5 Bg4 43. Qe3 f6 44. f4 exf4 45. Qxf4 Qxf4 46. Bxf4 Kf7 47. c4 Rd4 48. Rge3 g5 49. Re7+ Kg6 50. Be3 Rxc4 51. hxg5 fxg5 52. Rxb7 Rf8 53. Rb6+ Rf6 54. Rb8 Rc8 55. Rxc8 Bxc8 56. a4 Re6 57. a5 1/2-1/2

[Event "Corr"]
[Site "?"]
[Date "2001.11.01"]
[Round "?"]
[White "Ryska Jiri (CZE)"]
[Black "Samraoui Mohamed (ALG)"]
[Result "0-1"]
[WhiteElo "2258"]
[BlackElo "2319"]
[PlyCount "64"]
[EventDate "2001.??.??"]
[Source "www.chesslib.no"]
[SourceDate "2004.05.04"]

1. d4 Nf6 2. Nf3 d5 3. c4 e6 4. Nc3 c6 5. e3 Nbd7 6. Bd3 dxc4 7. Bxc4 Qc7 8. Qb3 a6 9. Bd2 b5 10. Be2 Bb7 11. e4 c5 12. e5 Nd5 13. Rc1 Qb8 14. Nxd5 Bxd5 15. Qc3 cxd4 16. Qxd4 Bxa2 17. Ba5 Bd5 18. O-O Be7 19. Rfd1 O-O 20. Qe3 Rc8 21. Rxc8+ Qxc8 22. Rc1 Qf8 23. Nd4 Bc5 24. Rd1 Qb8 25. f4 Qb7 26. b4 Ba7 27. Qh3 Rc8 28. Kf1 Nb6 29. Bd3 g6 30. Qg4 Nc4 31. Bxc4 Bxc4+ 32. Ne2 Qe4 0-1

[Event "Decin op-A"]
[Site "Decin"]
[Date "1998.??.??"]
[Round "8"]
[White "Al Khateeb, Ahmed"]
[Black "Drozdov, Alexandre"]
[Result "1/2-1/2"]
[WhiteElo "2275"]
[BlackElo "2300"]
[PlyCount "84"]
[EventDate "1998.08.??"]
[Source "www.chesslib.no"]
[SourceDate "2004.05.04"]

1. d4 d5 2. c4 c6 3. Nc3 dxc4 4. e3 Nf6 5. Bxc4 e6 6. Nf3 Nbd7 7. O-O Be7 8. e4 Nb6 9. Bd3 c5 10. dxc5 Bxc5 11. e5 Nfd5 12. Ne4 Be7 13. Bg5 O-O 14. Qe2 h6 15. Bc1 Bd7 16. Ng3 Bc6 17. Rd1 Qc7 18. Nh5 Nb4 19. Nd4 Rfd8 20. Qg4 Qxe5 21. Nxc6 bxc6 22. Bf4 Rd4 23. Re1 Rxf4 24. Nxf4 Qxb2 25. Rab1 Qd4 26. Re4 Qc3 27. Rxe6 Nxd3 28. Rxe7 Qd4 29. Rxf7 Nxf2 30. Qxg7+ Qxg7 31. Rxg7+ Kxg7 32. Kxf2 Re8 33. Rc1 Re4 34. Kf3 Rc4 35. Rxc4 Nxc4 36. Ke4 Kf6 37. Kd4 Ne5 38. Nd3 Nd7 39. Nc5 Nb6 40. a4 a5 41. Kc3 Ke5 42. Kb3 Kd4 1/2-1/2

[Event "Campionato europeo fem 2007"]
[Site "Dresda GER"]
[Date "2007.04.03"]
[Round "1.29"]
[White "Bosboom-Lanchava, Tea"]
[Black "Smokina, Karolina"]
[Result "1/2-1/2"]
[WhiteElo "2383"]
[BlackElo "2192"]
[PlyCount "86"]
[EventDate "2007.04.03"]
[Source "www.chesslib.no"]
[SourceDate "2004.05.04"]

1. d4 d5 2. c4 c6 3. Nc3 Nf6 4. Nf3 e6 5. e3 Nbd7 6. Be2 dxc4 7. Bxc4 b5 8. Be2 a6 9. O-O Bd6 10. Ng5 Qc7 11. f4 h6 12. Nge4 Be7 13. Bf3 Bb7 14. Qe1 b4 15. Nxf6+ Nxf6 16. Ne4 Nxe4 17. Bxe4 c5 18. Bxb7 Qxb7 19. f5 exf5 20. Rxf5 g6 21. Rf3 Qe4 22. Bd2 O-O 23. Kh1 a5 24. Rf4 Qe6 25. dxc5 Bxc5 26. Rc1 Bd6 27. Rh4 g5 28. Rhc4 Qe5 29. g3 Qxb2 30. e4 Qf6 31. Qe2 Be5 32. Rc6 Qg7 33. Qh5 f6 34. R1c5 Kh7 35. h4 Qf7 36. Qg4 Rfe8 37. Qf5+ Kg7 38. hxg5 Qh5+ 39. Kg2 Qe2+ 40. Kh3 Qh5+ 41. Kg2 Qe2+ 42. Kh3 Qh5+ 43. Kg2 Qe2+ 1/2-1/2

[Event "Mind Sports Games - Blitz Team w"]
[Site "Pechino CINA"]
[Date "2008.10.13"]
[Round "1"]
[White "Johansson, V."]
[Black "Madl, I."]
[Result "0-1"]
[WhiteElo "2179"]
[BlackElo "2376"]
[PlyCount "90"]
[EventDate "2008.10.13"]
[Source "www.chesslib.no"]
[SourceDate "2004.05.04"]

1. d4 d5 2. c4 c6 3. Nf3 Nf6 4. Nc3 e6 5. e3 Nbd7 6. Be2 dxc4 7. Bxc4 b5 8. Be2 Bb7 9. O-O Be7 10. a3 a5 11. Bd2 O-O 12. Rc1 Qb8 13. Qc2 Rc8 14. Qb1 b4 15. axb4 axb4 16. Nd1 c5 17. dxc5 Nxc5 18. b3 Bd5 19. Bc4 Nfe4 20. Bxd5 exd5 21. Nd4 Nxd2 22. Qf5 Nxf1 23. Kxf1 Bf6 24. Nb2 Nxb3 25. Nxb3 Rxc1+ 26. Nxc1 Bxb2 27. Nd3 Bf6 28. g3 Qc8 29. Qxd5 Qd8 30. Qe4 Rc8 31. Kg2 Qd7 32. Nxb4 Rb8 33. Nd5 Qe6 34. Nxf6+ gxf6 35. Qf4 Rd8 36. h4 Qd5+ 37. Kh2 Qd6 38. Qg4+ Kh8 39. Qc4 Qe6 40. Qb4 Rg8 41. Qb2 Qe5 42. Qb7 Qf5 43. Qxf7 Qxf2+ 44. Kh1 Qf3+ 45. Kh2 Qxg3+ 0-1

[Event "Corr"]
[Site "?"]
[Date "2000.10.01"]
[Round "?"]
[White "Dietze Frank"]
[Black "Lumsdon Andrew"]
[Result "1-0"]
[WhiteElo "2206"]
[BlackElo "2348"]
[PlyCount "41"]
[EventDate "2000.??.??"]
[Source "www.chesslib.no"]
[SourceDate "2004.05.04"]

1. c4 c6 2. d4 d5 3. Nf3 Nf6 4. Nc3 e6 5. e3 Nbd7 6. Bd3 dxc4 7. Bxc4 c5 8. O-O a6 9. a4 Qc7 10. Qe2 Be7 11. Rd1 O-O 12. e4 cxd4 13. Nxd4 Bd6 14. h3 b6 15. Be3 Bb7 16. Rac1 Rfd8 17. Ba2 Rac8 18. Ncb5 Bh2+ 19. Kh1 Qb8 20. Rxc8 Rxc8 21. Nc3 1-0

[Event "Aarhus-A"]
[Site "Aarhus DEN"]
[Date "1990.??.??"]
[Round "7"]
[White "Kjeldsen, Jens"]
[Black "Rewitz, Poul"]
[Result "1-0"]
[WhiteElo "2300"]
[BlackElo "2235"]
[PlyCount "107"]
[EventDate "1990.??.??"]
[Source "www.chesslib.no"]
[SourceDate "2004.05.04"]

1. d4 d5 2. c4 c6 3. Nf3 Nf6 4. Nc3 e6 5. e3 Nbd7 6. Bd3 dxc4 7. Bxc4 a6 8. e4 c5 9. e5 Ng4 10. O-O cxd4 11. Qxd4 Ndxe5 12. Qxd8+ Kxd8 13. Rd1+ Ke8 14. Be2 Nxf3+ 15. Bxf3 Ne5 16. Be4 f5 17. Bc2 Bc5 18. h3 Nf7 19. Bb3 Ke7 20. Re1 Kf6 21. Na4 Ba7 22. Be3 b5 23. Nb6 Bxb6 24. Bxb6 Ng5 25. Bd4+ Kf7 26. f3 Rd8 27. Bc3 h6 28. Ba5 Rd6 29. Rac1 Bd7 30. Rc7 Re8 31. Kf2 f4 32. Ra7 Kg6 33. Bb4 Rd4 34. Bc3 Rd6 35. h4 Nf7 36. Bc2+ Kh5 37. Rd1 Rxd1 38. Bxd1 b4 39. Bxg7 Rg8 40. Bf6 Kg6 41. Bd4 Rd8 42. h5+ Kxh5 43. Bf6 Bb5 44. Bxd8 Nxd8 45. Rg7 Nc6 46. Be2 Bxe2 47. Kxe2 Nd4+ 48. Kd3 Nf5 49. Rg8 Ne3 50. Re8 Nxg2 51. Rxe6 Nh4 52. Re2 Nf5 53. Re5 Kg6 54. Ke4 1-0

[Event "Zaragoza op"]
[Site "?"]
[Date "1985.??.??"]
[Round "2"]
[White "Illescas"]
[Black "Acedo"]
[Result "1-0"]
[WhiteElo "2320"]
[BlackElo "2200"]
[PlyCount "63"]
[EventDate "1985.??.??"]
[Source "www.chesslib.no"]
[SourceDate "2004.05.04"]

1. d4 d5 2. Nf3 Nf6 3. c4 c6 4. e3 e6 5. Nc3 Nbd7 6. Bd3 dxc4 7. Bxc4 Nd5 8. O-O Be7 9. Qe2 Qc7 10. Bd2 O-O 11. Rac1 N7f6 12. Bd3 Bd7 13. Ne5 Nxc3 14. Bxc3 Rad8 15. Qf3 Nd5 16. Bd2 f5 17. e4 Nf6 18. exf5 exf5 19. Bc4+ Kh8 20. Nf7+ Rxf7 21. Bxf7 Ng4 22. Bf4 Bd6 23. Bxd6 Qxd6 24. Qg3 f4 25. Qh4 Rf8 26. Bh5 Nf6 27. Bf3 h6 28. Rfe1 Kh7 29. Re5 g6 30. Rce1 Rf7 31. Qxf4 Kg7 32. Qe3 1-0

[Event "Kostrena IM"]
[Site "Kostrena"]
[Date "2002.08.31"]
[Round "2"]
[White "Corovic, Sean"]
[Black "Doric, Nenad"]
[Result "0-1"]
[WhiteElo "2106"]
[BlackElo "2408"]
[PlyCount "72"]
[EventDate "2002.08.30"]
[Source "ChessBase"]
[SourceDate "2002.11.06"]

1. d4 d5 2. c4 e6 3. Nc3 c6 4. e3 Nd7 5. Nf3 Ngf6 6. Bd3 dxc4 7. Bxc4 b5 8. Bd3 Bb7 9. e4 b4 10. Na4 c5 11. e5 Nd5 12. dxc5 Nxc5 13. Nxc5 Bxc5 14. O-O h6 15. Qe2 Qb6 16. Bd2 Ke7 17. Rac1 Rhd8 18. Rc2 Rac8 19. Rfc1 Kf8 20. Ne1 Ne7 21. Rc4 Rd4 22. Rxd4 Bxd4 23. Rxc8+ Bxc8 24. Nc2 Bc5 25. Ne3 Bb7 26. h3 Nc6 27. Nc4 Qd8 28. Be3 Nd4 29. Qd2 Qd5 30. f3 Ba6 31. b3 Bxc4 32. Bxc4 Nxf3+ 33. gxf3 Qxd2 34. Bxc5+ Kg8 35. Bd6 Kh7 36. h4 Kg6 0-1

[Event "Brisbane AUS, Xstrata ch 2006"]
[Site "?"]
[Date "2005.12.29"]
[Round "2"]
[White "Goldenberg Igor"]
[Black "Booth Stewart"]
[Result "1-0"]
[WhiteElo "2335"]
[BlackElo "2179"]
[PlyCount "77"]
[EventDate "2005.??.??"]
[Source "www.chesslib.no"]
[SourceDate "2004.05.04"]

1. d4 d5 2. Nf3 Nf6 3. c4 c6 4. Nc3 e6 5. e3 Nbd7 6. Bd3 dxc4 7. Bxc4 a6 8. e4 b5 9. Be2 b4 10. e5 bxc3 11. exf6 Nxf6 12. bxc3 c5 13. Ne5 Bb7 14. O-O Nd7 15. Qa4 cxd4 16. Rd1 Bc5 17. Bg5 f6 18. Bh5+ Ke7 19. cxd4 fxg5 20. dxc5 Nxe5 21. Rxd8 Rhxd8 22. Qb4 Bc6 23. Qc3 Rd5 24. Re1 g6 25. Rxe5 gxh5 26. Rxd5 Bxd5 27. Qg7+ Ke8 28. Qxg5 Rc8 29. Qxh5+ Kd8 30. Qh4+ Ke8 31. Qa4+ Rc6 32. f3 Ke7 33. Qb4 Kd8 34. a3 Rc7 35. Qb6 Bc4 36. Kf2 Kc8 37. Ke3 Rb7 38. Qc6+ Kb8 39. Kd4 1-0

[Event "It (Open) Obrenovac SCG"]
[Site "?"]
[Date "2005.11.25"]
[Round "4"]
[White "Starcevic Goran"]
[Black "Mihic Bojan"]
[Result "1-0"]
[WhiteElo "2179"]
[BlackElo "2324"]
[PlyCount "95"]
[EventDate "2005.??.??"]
[Source "www.chesslib.no"]
[SourceDate "2004.05.04"]

1. Nf3 d5 2. d4 c6 3. e3 e6 4. c4 Nd7 5. Nc3 Ngf6 6. Bd3 dxc4 7. Bxc4 b5 8. Bd3 Bb7 9. O-O b4 10. Ne4 c5 11. Nxf6+ gxf6 12. e4 cxd4 13. Nxd4 Bc5 14. Be3 Qb6 15. Bb5 O-O-O 16. Rc1 Kb8 17. Rc4 Ne5 18. Rxc5 Qxc5 19. Nxe6 Rxd1 20. Nxc5 Rhd8 21. Be2 Rxf1+ 22. Kxf1 Bc8 23. h3 Kc7 24. f4 Nd7 25. Nb3 Nb6 26. f5 Bb7 27. Nc5 Nd7 28. Nxb7 Kxb7 29. Bc4 Ne5 30. Bd5+ Ka6 31. Ke2 Rd7 32. Bd4 Kb5 33. g4 Rc7 34. Bb3 a5 35. g5 a4 36. Bd5 Rc2+ 37. Ke3 Nc4+ 38. Kf4 Nxb2 39. gxf6 Nc4 40. Bxf7 Nd6 41. Be6 b3 42. axb3 a3 43. f7 Nxf7 44. Bxf7 a2 45. Bc4+ Kc6 46. f6 Rd2 47. Be5 Kd7 48. b4 1-0

[Event "Klatovy op-A"]
[Site "Klatovy CZE"]
[Date "1994.??.??"]
[Round "3"]
[White "Jankovec, Ivan"]
[Black "Dolezal, Radoslav jr"]
[Result "1-0"]
[WhiteElo "2275"]
[BlackElo "2225"]
[PlyCount "73"]
[EventDate "1994.??.??"]
[Source "www.chesslib.no"]
[SourceDate "2004.05.04"]

1. d4 d5 2. c4 e6 3. Nf3 Nf6 4. Nc3 c6 5. e3 Nbd7 6. Bd3 dxc4 7. Bxc4 Nb6 8. Bd3 c5 9. O-O Be7 10. dxc5 Bxc5 11. e4 Bd7 12. e5 Nfd5 13. Ne4 Be7 14. a3 h6 15. Qe2 Bc6 16. Bd2 Qd7 17. Rfc1 Nc7 18. Nc5 Bxc5 19. Rxc5 Rd8 20. Be4 Bxe4 21. Qxe4 Na6 22. Rcc1 Qd5 23. Qg4 g6 24. Be3 Nc8 25. Qa4+ Qd7 26. Qb3 Qd5 27. Qc2 Nb6 28. Rd1 Qc6 29. Rxd8+ Kxd8 30. Qd2+ Nd5 31. Rc1 Qd7 32. Bxh6 b6 33. Bg5+ Ke8 34. Qc2 Nac7 35. Nd2 Kf8 36. Ne4 Kg7 37. Bf6+ 1-0

[Event "Dortmund op-A"]
[Site "Dortmund GER"]
[Date "1992.??.??"]
[Round "4"]
[White "Bouton, Christophe"]
[Black "Voigt, Martin"]
[Result "1-0"]
[WhiteElo "2220"]
[BlackElo "2280"]
[PlyCount "147"]
[EventDate "1992.04.??"]
[Source "www.chesslib.no"]
[SourceDate "2004.05.04"]

1. c4 Nf6 2. Nc3 c6 3. d4 d5 4. e3 e6 5. Nf3 Nbd7 6. Be2 dxc4 7. Bxc4 b5 8. Be2 a6 9. O-O Bb7 10. b3 c5 11. a4 b4 12. Nb1 Ne4 13. Bb2 Ndf6 14. Nfd2 Bd6 15. f3 Nxd2 16. Nxd2 Rc8 17. Nc4 Be7 18. e4 O-O 19. dxc5 Qc7 20. Qe1 Rfd8 21. Rd1 Rxd1 22. Qxd1 Rd8 23. Qa1 Qxc5+ 24. Kh1 Qh5 25. Qe1 Qg5 26. Bc1 Qc5 27. Be3 Qc8 28. Bb6 Rf8 29. Qg3 Bc5 30. Nd6 Bxd6 31. Qxd6 Qb8 32. Rd1 h6 33. Qxb8 Rxb8 34. Rd8+ Rxd8 35. Bxd8 Nd7 36. Ba5 Ne5 37. Bxb4 f5 38. Bc3 Nd7 39. exf5 exf5 40. Bc4+ Kf8 41. Be6 Nc5 42. Bb4 Ke7 43. Bxf5 Kf6 44. Bc2 Ne6 45. Kg1 Ke5 46. Bc3+ Kd6 47. b4 Bc6 48. Kf2 g5 49. g3 Be8 50. Bb3 Bc6 51. Bc4 Nc7 52. Bg7 h5 53. Bh6 Ke5 54. Bxg5 Kd4 55. Bxa6 Nxa6 56. b5 Bb7 57. bxa6 Bxa6 58. Bf6+ Kc4 59. a5 Kd3 60. h3 Bc8 61. g4 hxg4 62. hxg4 Kc4 63. Kg3 Kd5 64. Bb2 Ke6 65. Kh4 Kf7 66. Kg5 Ba6 67. f4 Bd3 68. f5 Ba6 69. Kf4 Be2 70. g5 Bd3 71. g6+ Kf8 72. Kg5 Kg8 73. f6 Kh8 74. f7# 1-0

[Event "Mind Sports Games - Blitz Team w"]
[Site "Pechino CINA"]
[Date "2008.10.13"]
[Round "10"]
[White "Schuurman, P."]
[Black "Caoili, A."]
[Result "0-1"]
[WhiteElo "2324"]
[BlackElo "2170"]
[PlyCount "90"]
[EventDate "2008.10.13"]
[Source "www.chesslib.no"]
[SourceDate "2004.05.04"]

1. Nf3 Nf6 2. c4 c6 3. Nc3 d5 4. d4 e6 5. e3 Nbd7 6. Be2 dxc4 7. Bxc4 b5 8. Be2 b4 9. Na4 Bb7 10. Bd2 a5 11. Rc1 Ne4 12. O-O Bd6 13. Qc2 c5 14. dxc5 Nexc5 15. Nxc5 Nxc5 16. Bb5+ Kf8 17. Qd1 Qb6 18. Be2 Rd8 19. Qe1 Be4 20. a3 Nd3 21. Bxd3 Bxd3 22. axb4 axb4 23. Nd4 Bxf1 24. Qxf1 Bc5 25. Nb3 Be7 26. Qe1 Kg8 27. Rc4 h6 28. h3 Kh7 29. Bxb4 Bxb4 30. Rxb4 Qd6 31. Rd4 Qe5 32. f4 Qb5 33. Qb1+ g6 34. Qc2 Rc8 35. Qd1 Rc7 36. Kh2 Rb8 37. Rd3 Rcb7 38. Nd4 Qc4 39. b3 Qc7 40. Qf3 e5 41. fxe5 Qxe5+ 42. Qg3 Qc5 43. Qf4 Ra8 44. Rd2 Raa7 45. Rf2 Qc7 0-1

[Event "GEO olympiad select (Women)"]
[Site "?"]
[Date "2001.09.30"]
[Round "10"]
[White "Charkhalashvili Inga"]
[Black "Tkeshelashvili Sopio"]
[Result "0-1"]
[WhiteElo "2214"]
[BlackElo "2273"]
[PlyCount "78"]
[EventDate "2001.??.??"]
[Source "www.chesslib.no"]
[SourceDate "2004.05.04"]

1. d4 d5 2. Nf3 Nf6 3. c4 c6 4. Nc3 e6 5. e3 Nbd7 6. Be2 dxc4 7. Bxc4 b5 8. Bd3 Bb7 9. O-O b4 10. Na4 c5 11. dxc5 Bxc5 12. Nxc5 Nxc5 13. Bb5+ Ke7 14. Bd2 Qb6 15. Nd4 a5 16. a3 bxa3 17. Rxa3 Nce4 18. Be1 Rhd8 19. Rb3 Nc5 20. Rc3 Nce4 21. Rb3 Nc5 22. Rc3 Nce4 23. Rc1 Rxd4 24. Qxd4 Qxb5 25. f3 e5 26. Rc7+ Ke6 27. Rxb7 Qxb7 28. Qc4+ Qd5 29. Qxd5+ Kxd5 30. fxe4+ Ke6 31. Kf2 Nxe4+ 32. Ke2 f6 33. Bd2 Rb8 34. Bxa5 Rxb2+ 35. Kf3 f5 36. h3 h5 37. h4 g5 38. hxg5 h4 39. Bd8 Ng3 0-1

[Event "Badenweiler Open"]
[Site "Badenweiler"]
[Date "1994.??.??"]
[Round "4"]
[White "Peschel, Andreas"]
[Black "Schiff, Armin"]
[Result "0-1"]
[WhiteElo "2220"]
[BlackElo "2260"]
[PlyCount "144"]
[EventDate "1994.??.??"]
[Source "www.chesslib.no"]
[SourceDate "2004.05.04"]

1. c4 e6 2. Nc3 d5 3. d4 c6 4. e3 Nf6 5. Nf3 Nbd7 6. Bd3 dxc4 7. Bxc4 Be7 8. O-O O-O 9. Qe2 b6 10. e4 Bb7 11. Bf4 Re8 12. Ng5 Nf8 13. Rfd1 Nd5 14. exd5 Bxg5 15. Bxg5 Qxg5 16. Ne4 Qd8 17. dxc6 Bxc6 18. Ba6 Qd5 19. f3 Ng6 20. Rac1 Ne7 21. b4 Red8 22. Qd3 h6 23. Qc2 Qd7 24. Nc3 Nd5 25. Nxd5 Bxd5 26. a3 Bb7 27. Bxb7 Qxb7 28. Qe4 Qd7 29. Rc3 Rac8 30. Rcd3 Qd5 31. Qxd5 Rxd5 32. Kf2 Rc2+ 33. R1d2 Rc4 34. Ke3 Kf8 35. Rb2 a6 36. Rbb3 Ke7 37. Rbc3 Rdxd4 38. Rxc4 Rxc4 39. g3 g5 40. Kd2 f5 41. Kd1 e5 42. Kd2 Ke6 43. Rb3 Kd5 44. Rb1 h5 45. Rf1 Kd4 46. Rd1 Kd5 47. Rf1 h4 48. Rg1 hxg3 49. hxg3 g4 50. Rf1 f4 51. fxg4 fxg3 52. Ke2 Rxg4 53. Rd1+ Ke4 54. Kf1 g2+ 55. Kg1 Rg6 56. Rd8 b5 57. Rd7 Rg3 58. Rd6 Rxa3 59. Kxg2 Ke3 60. Rh6 Ra4 61. Rh3+ Kd4 62. Rb3 Kc4 63. Re3 Rxb4 64. Rxe5 Rb2+ 65. Kf3 Rd2 66. Ke3 Rd6 67. Re8 a5 68. Rc8+ Kb3 69. Rc5 Kb4 70. Rc1 a4 71. Rb1+ Ka5 72. Rg1 a3 0-1

[Event "Aarhus-A"]
[Site "Aarhus DEN"]
[Date "1992.??.??"]
[Round "1"]
[White "Jakobsen, Peter"]
[Black "Rewitz, Poul"]
[Result "1/2-1/2"]
[WhiteElo "2250"]
[BlackElo "2220"]
[PlyCount "93"]
[EventDate "1992.??.??"]
[Source "www.chesslib.no"]
[SourceDate "2004.05.04"]

1. d4 d5 2. c4 c6 3. Nf3 e6 4. Nc3 Nf6 5. e3 Nbd7 6. Bd3 dxc4 7. Bxc4 a6 8. a4 b6 9. O-O Be7 10. e4 Bb7 11. e5 Nd5 12. Nxd5 cxd5 13. Bd3 Nb8 14. Ne1 Nc6 15. Be3 Nb4 16. Qg4 Bf8 17. Bd2 Nxd3 18. Nxd3 a5 19. Rfc1 Ba6 20. Nf4 g6 21. Rc2 Qd7 22. Rac1 Rc8 23. Nxd5 Qxd5 24. Rxc8+ Bxc8 25. Rxc8+ Kd7 26. Rc1 Be7 27. Qe2 Rc8 28. Qb5+ Qxb5 29. axb5 Rb8 30. f4 Ke8 31. Rc6 Rb7 32. Be3 Bd8 33. d5 exd5 34. Bd4 Rc7 35. Rxc7 Bxc7 36. g4 f6 37. exf6 Bxf4 38. Bxb6 Be5 39. Bxa5 Bxf6 40. Bc3 Bxc3 41. bxc3 Kd7 42. Kf2 Kd6 43. Ke3 Kc5 44. g5 Kxb5 45. Kd4 Kc6 46. c4 dxc4 47. Kxc4 1/2-1/2

[Event "Arab Ch 8th"]
[Site "Doha QAT"]
[Date "1993.??.??"]
[Round "6"]
[White "Moussa, Alaa-Eddine"]
[Black "Dekar, Lies"]
[Result "1-0"]
[WhiteElo "2205"]
[BlackElo "2255"]
[PlyCount "101"]
[EventDate "1993.??.??"]
[Source "www.chesslib.no"]
[SourceDate "2004.05.04"]

1. d4 d5 2. Nf3 Nf6 3. c4 e6 4. Nc3 c6 5. e3 Nbd7 6. Be2 dxc4 7. Bxc4 b5 8. Bd3 Bb7 9. e4 b4 10. Na4 Be7 11. O-O O-O 12. Qc2 h6 13. Rd1 Qa5 14. Bd2 c5 15. a3 c4 16. Bxc4 Bxe4 17. Qb3 Qf5 18. Ne1 bxa3 19. bxa3 Rab8 20. Qg3 Nb6 21. Nxb6 Rxb6 22. f3 Ba8 23. Bd3 Qh5 24. Bf4 Ne8 25. Rdc1 Qd5 26. Nc2 Qb3 27. Ne1 Qb2 28. Be5 Bf6 29. Rcb1 Qc3 30. Rc1 Qd2 31. Rc2 Qe3+ 32. Qf2 Qxf2+ 33. Kxf2 Bd5 34. a4 Rb4 35. a5 Rxd4 36. Bxf6 Nxf6 37. Rc7 Ra8 38. Rac1 Bb3 39. Rxa7 Rad8 40. Rc3 Bd5 41. a6 e5 42. Nc2 Rf4 43. Rac7 e4 44. Be2 exf3 45. Bxf3 g5 46. Rc8 Rxc8 47. Rxc8+ Kg7 48. a7 g4 49. Ne3 gxf3 50. Nxd5 fxg2+ 51. Nxf4 1-0

[Event "Open"]
[Site "?"]
[Date "2004.07.19"]
[Round "1"]
[White "Liptay Laszlo"]
[Black "Balogh Emese"]
[Result "0-1"]
[WhiteElo "2372"]
[BlackElo "2081"]
[PlyCount "66"]
[EventDate "2004.??.??"]
[Source "www.chesslib.no"]
[SourceDate "2004.05.04"]

1. d4 d5 2. Nf3 Nf6 3. c4 c6 4. Nc3 e6 5. e3 Nbd7 6. Bd3 dxc4 7. Bxc4 Bd6 8. e4 Bb4 9. e5 Nd5 10. Bd2 N7b6 11. Bd3 Nxc3 12. bxc3 Be7 13. Qe2 c5 14. Qe4 c4 15. Bc2 Nd5 16. h4 Bd7 17. Qg4 Qa5 18. Qxg7 O-O-O 19. Ng5 f6 20. exf6 Bxf6 21. Qh6 Bxg5 22. hxg5 Nf4 23. g6 Nxg6 24. Rh5 e5 25. dxe5 Rhe8 26. f4 Qc5 27. Rh1 Nxe5 28. fxe5 Rxe5+ 29. Kf1 Rf8+ 30. Bf4 Re6 31. Qh2 Qe3 32. g3 Qf3+ 33. Kg1 Re2 0-1

[Event "Capital of Siberia op"]
[Site "Novosibirsk"]
[Date "2002.07.23"]
[Round "5"]
[White "Nam, Konstantin"]
[Black "Golovachuk, Yaroslav"]
[Result "1-0"]
[WhiteElo "2173"]
[BlackElo "2279"]
[PlyCount "56"]
[EventDate "2002.07.19"]
[Source "ChessBase"]
[SourceDate "2002.09.11"]

1. d4 d5 2. c4 c6 3. e3 Nf6 4. Nc3 e6 5. Nf3 Nbd7 6. Be2 dxc4 7. Bxc4 b5 8. Be2 b4 9. Na4 Be7 10. O-O O-O 11. Qc2 Bb7 12. a3 a5 13. Bd2 c5 14. dxc5 Be4 15. Qc1 Bc6 16. axb4 axb4 17. b3 Bxa4 18. Rxa4 Rxa4 19. bxa4 Bxc5 20. Bb5 Qe7 21. Qb1 Rb8 22. e4 h6 23. Rc1 Nf8 24. Ne5 Rd8 25. Be1 Qd6 26. Nc6 Ng4 27. e5 Bxf2+ 28. Bxf2 Qd2 1-0

[Event "Formia Open"]
[Site "Formia"]
[Date "1994.??.??"]
[Round "9"]
[White "Kharkova, Elena"]
[Black "Bacrot, Etienne"]
[Result "1-0"]
[WhiteElo "2195"]
[BlackElo "2255"]
[PlyCount "141"]
[EventDate "1994.??.??"]
[Source "www.chesslib.no"]
[SourceDate "2004.05.04"]

1. d4 d5 2. c4 e6 3. Nf3 c6 4. e3 Nd7 5. Bd3 Ngf6 6. Nc3 dxc4 7. Bxc4 b5 8. Bd3 Bb7 9. O-O b4 10. Ne4 Be7 11. Nxf6+ Nxf6 12. Qe2 O-O 13. e4 c5 14. dxc5 Nd7 15. c6 Bxc6 16. Be3 Nf6 17. Rfd1 Qa5 18. Nd2 Rac8 19. Nb3 Qc7 20. Rac1 Qb8 21. Ba6 Bb7 22. Bxb7 Qxb7 23. f3 Rfd8 24. Rxd8+ Bxd8 25. Rxc8 Qxc8 26. Bxa7 Qa8 27. Qe3 h6 28. a3 bxa3 29. bxa3 Nd7 30. g3 Qb7 31. Kg2 Qa6 32. Bc5 Bb6 33. Bxb6 Nxb6 34. Nc5 Qa5 35. Qd4 Kh7 36. a4 e5 37. Qxe5 Nxa4 38. Qf5+ Kg8 39. Qc8+ Kh7 40. Qf5+ Kg8 41. Qc8+ Kh7 42. Nd7 Nb6 43. Nf8+ Kg8 44. Qd8 Qa8 45. Qxa8 Nxa8 46. Nd7 Nc7 47. e5 h5 48. f4 Nd5 49. Kf3 Ne7 50. Ke4 g6 51. Nf6+ Kf8 52. Nd5 Nf5 53. Ne3 Nh6 54. f5 gxf5+ 55. Kf4 Ng8 56. Nxf5 Ke8 57. Ng7+ Kd7 58. Nxh5 Ke6 59. Ng7+ Kd5 60. Nf5 f6 61. exf6 Ke6 62. g4 Nxf6 63. g5 Nd5+ 64. Kg4 Kf7 65. h4 Kg6 66. h5+ Kf7 67. Kf3 Nc3 68. Kf4 Nd5+ 69. Ke5 Nb6 70. g6+ Kg8 71. Ke6 1-0

[Event "Guelph op"]
[Site "Guelph"]
[Date "2002.08.08"]
[Round "2"]
[White "Southam, David"]
[Black "Dougherty, Michael"]
[Result "1-0"]
[WhiteElo "2129"]
[BlackElo "2320"]
[PlyCount "111"]
[EventDate "2002.08.07"]
[Source "ChessBase"]
[SourceDate "2002.09.11"]

1. d4 d5 2. c4 e6 3. Nc3 c6 4. e3 Nd7 5. Bd3 Ngf6 6. Nf3 dxc4 7. Bxc4 b5 8. Bd3 Bb7 9. O-O b4 10. Na4 c5 11. Nxc5 Nxc5 12. dxc5 Bxc5 13. Qe2 O-O 14. e4 e5 15. Bg5 Re8 16. Bb5 Re6 17. Bc4 Re8 18. Bb5 Re6 19. Bc4 Re8 20. Bxf7+ Kxf7 21. Qc4+ Kg6 22. Qxc5 Nxe4 23. Qxb4 Nxg5 24. Qxb7 Nxf3+ 25. Qxf3 Qf6 26. Qe4+ Qf5 27. Qc6+ Qe6 28. Rac1 Qxc6 29. Rxc6+ Kf7 30. Rc7+ Re7 31. Rfc1 a5 32. g3 a4 33. Rxe7+ Kxe7 34. Rc7+ Kf6 35. Rb7 h5 36. Rb4 g5 37. h3 Kf5 38. g4+ hxg4 39. hxg4+ Ke6 40. Kg2 Kd5 41. Kf3 Kc5 42. a3 Kd5 43. Ke3 Ra7 44. f3 Ra8 45. Rb5+ Kc4 46. Rxe5 Rb8 47. Ra5 Kb3 48. Kf2 Rb7 49. Kg3 Rb6 50. f4 Kxb2 51. Rxa4 Rb3+ 52. Kg2 gxf4 53. Rb4 Kxa3 54. Rxb3+ Kxb3 55. g5 Kc4 56. g6 1-0

[Event "POL-chT2"]
[Site "Polanica Zdroj"]
[Date "1999.??.??"]
[Round "6"]
[White "Szmyd, Marek"]
[Black "Litwin, Jozef"]
[Result "1-0"]
[WhiteElo "2205"]
[BlackElo "2232"]
[PlyCount "40"]
[EventDate "1999.??.??"]
[Source "www.chesslib.no"]
[SourceDate "2004.05.04"]

1. c4 e6 2. Nc3 d5 3. d4 Nf6 4. Nf3 c6 5. e3 Nbd7 6. Be2 dxc4 7. Bxc4 b5 8. Bd3 b4 9. Na4 Bb7 10. b3 Be7 11. Bb2 O-O 12. Rc1 Qa5 13. O-O Rfd8 14. Qe2 Rac8 15. Nd2 c5 16. Nc4 Qc7 17. Rfd1 cxd4 18. Bxd4 Qb8 19. Na5 Ba8 20. Bb5 e5 1-0